000 01078nam a22003257a 4500
003 CHAP
005 20220329135408.0
008 971013s r 00010 d
010 _a35650
011 _a36622
035 _a40741
040 _cCHAP
082 _a336.472
_bM4e
110 _aMéxico. Secretaría de Hacienda y Crédito Público
_977183
245 _aPresupuesto de egresos de la Federación
_b: Rama XI: Educación Pública
260 _aMéxico, D.F. :
_bLa Secretaría,
_c19 -
300 _av
500 _aLa biblioteca tiene: 1958, 1968
590 _aBATCH-UPD
_b10
_c20130110
_lUCH01
_h0941
590 _aBATCH-UPD
_b10
_c20130410
_lUCH01
_h0557
590 _aBATCH-UPD
_b10
_c20130914
_lUCH01
_h1236
590 _aCONVERSION
_b10
_c20130109
_lUCH01
_h1320
650 1 4 _aEducación
_xCostos.
_935426
650 1 4 _aFinanzas.
_940930
650 1 4 _aPresupuesto.
_991543
901 _aBK
942 _cLIBRO
949 _a336.472 M4e
_bBC
_cC
_d33724000339644
_eC
_f1958
_h4494
_i40741
_si
949 _a336.472 M4e
_bBC
_cC
_d33724000533162
_eC
_f1968
_h34598
_i40741
_mD
_si
999 _c35650
_d35650